000
00212 a2200097 4500
001
25034
100
_a
Barnard & Mckay
245
_a
Practice in spoken English
260
_a
_b
Macmillan
_c
090
_c
16949
_d
16949
942
_a
NUST-CAE
_c
M
_c
7723
999
_c
260107
_d
260107